[Event "2nd EUR-ch"]
[Site "Ohrid MKD"]
[Date "2001.06.01"]
[Round "1"]
[White "Slobodjan, Roman"]
[Black "Georgiev, Kiril"]
[Result "0-1"]
[WhiteElo "2529"]
[BlackElo "2676"]
[EventDate "2001.06.01"]
[PlyCount "48"]

1.c4 Nf6 2.Nc3 e5 3.Nf3 Nc6 4.e3 Bb4 5.Qc2 Bxc3 6.Qxc3 Qe7 7.a3 d5 8.d4 
exd4 9.Nxd4 Ne5 10.cxd5 Nxd5 11.Qc2 O-O 12.Be2 c5 13.Nf3 Bg4 14.h3 Bxf3 
15.gxf3 Rfe8 16.Kf1 Rac8 17.Bd2 c4 18.Rg1 Nd3 19.Rd1 Qh4 20.Rg3 Rxe3 21.b3
Nxf2 22.Be1 Qxg3 23.Rxd5 Qxh3+ 24.Kxf2 Rce8 0-1

[Event "2nd EUR-ch"]
[Site "Ohrid MKD"]
[Date "2001.06.01"]
[Round "1"]
[White "Short, Nigel David"]
[Black "Yegiazarian, Arsen"]
[Result "1/2-1/2"]
[WhiteElo "2676"]
[BlackElo "2529"]
[EventDate "2001.06.01"]
[PlyCount "123"]

1.e4 c5 2.Nf3 Nc6 3.d4 cxd4 4.Nxd4 Qc7 5.Nc3 e6 6.Be2 a6 7.O-O Nf6 8.Kh1 
Be7 9.f4 d6 10.Be3 O-O 11.Qe1 Nxd4 12.Bxd4 b5 13.a3 Bb7 14.Qg3 Bc6 15.Rad1
Qb7 16.Bf3 Rad8 17.Qe1 Kh8 18.b4 Qc7 19.Rd3 Rd7 20.e5 dxe5 21.fxe5 Ng8 22.
Ne4 Nh6 23.Qf2 Nf5 24.Bb6 Qb8 25.Rxd7 Bxd7 26.Bc5 Bc6 27.Bxe7 Nxe7 28.Nc5 
Qc8 29.h3 Bxf3 30.Qxf3 Nd5 31.Qe2 Qc6 32.c4 Nb6 33.cxb5 axb5 34.Rd1 Nd5 
35.Rf1 Kg8 36.Rf3 Ne7 37.Kh2 h6 38.Rd3 Nd5 39.Qg4 g6 40.Qe4 Kg7 41.h4 Qc7 
42.Kh3 Qe7 43.Rf3 f5 44.exf6+ Rxf6 45.Qe5 Kf7 46.Ne4 Rxf3+ 47.gxf3 Qc7 48.
Qxc7+ Nxc7 49.Kg4 e5 50.h5 gxh5+ 51.Kxh5 Ke6 52.Kxh6 Kf5 53.Nc3 Kf4 54.Kg6
Kxf3 55.Kf5 Ke3 56.Kxe5 Kd3 57.Ne4 Kc4 58.Nc5 Nd5 59.Nb7 Nxb4 60.Nd6+ Kb3 
61.axb4 Kxb4 62.Nxb5 1/2-1/2

[Event "2nd EUR-ch"]
[Site "Ohrid MKD"]
[Date "2001.06.01"]
[Round "1"]
[White "Acs, Peter"]
[Black "Zviagintsev, Vadim"]
[Result "1/2-1/2"]
[WhiteElo "2509"]
[BlackElo "2627"]
[EventDate "2001.06.01"]
[PlyCount "199"]

1.e4 c6 2.d4 d5 3.e5 c5 4.dxc5 e6 5.Be3 Nd7 6.Nf3 Bxc5 7.Bxc5 Nxc5 8.Qd4 
Qb6 9.a4 Ne7 10.a5 Qc7 11.Na3 Bd7 12.Nb5 Bxb5 13.Bxb5+ Nd7 14.a6 O-O 15.
O-O Rfb8 16.Bxd7 Qxd7 17.b3 Nc6 18.Qd2 Qc7 19.axb7 Rxb7 20.Rfe1 a5 21.h3 
Rb4 22.Ra3 h6 23.c3 Re4 24.c4 Rxe1+ 25.Qxe1 dxc4 26.bxc4 Qb6 27.Qe4 Rd8 
28.Ra1 Qc5 29.Rb1 Nb4 30.Ra1 Rb8 31.Qd4 Rc8 32.Qe4 Nc6 33.Qe2 Rb8 34.Qe3 
Qxe3 35.fxe3 Rb4 36.Nd4 Nxd4 37.exd4 Rxc4 38.Rxa5 Rxd4 39.Kf2 Rf4+ 40.Ke3 
g5 41.Ra2 Kg7 42.g3 Rf1 43.Ke2 Rf5 44.Ra5 h5 45.Ke3 Kg6 46.Ke4 Rf1 47.Rb5 
Rf2 48.Ra5 Rh2 49.Kf3 Rxh3 50.Kg2 g4 51.Ra4 Kg5 52.Ra7 h4 53.gxh4+ Kxh4 
54.Rxf7 Re3 55.Rh7+ Kg5 56.Rg7+ Kf4 57.Rf7+ Kxe5 58.Rg7 Kf5 59.Rg8 e5 60.
Rf8+ Ke4 61.Rg8 g3 62.Rd8 Ra3 63.Re8 Kd5 64.Rd8+ Ke4 65.Re8 Re3 66.Rd8 Kf5
67.Rf8+ Ke6 68.Re8+ Kd7 69.Rg8 Kd6 70.Rd8+ Kc5 71.Rc8+ Kd4 72.Rd8+ Ke4 73.
Ra8 Rd3 74.Ra7 Kf5 75.Rf7+ Ke6 76.Ra7 Kd5 77.Rd7+ Kc4 78.Re7 Kd4 79.Rd7+ 
Ke3 80.Ra7 Kf4 81.Rf7+ Kg4 82.Rg7+ Kf5 83.Rf7+ Ke6 84.Ra7 Rc3 85.Ra8 Kd5 
86.Rd8+ Kc4 87.Re8 Kd4 88.Rd8+ Ke3 89.Ra8 Kd2 90.Re8 Re3 91.Ra8 e4 92.Re8 
Kd3 93.Rd8+ Kc4 94.Re8 Kd5 95.Rd8+ Ke6 96.Re8+ Kd6 97.Rd8+ Ke7 98.Rg8 Kd6 
99.Rxg3 Rxg3+ 100.Kxg3 1/2-1/2

[Event "2nd EUR-ch"]
[Site "Ohrid MKD"]
[Date "2001.06.01"]
[Round "1"]
[White "Baklan, Volodymyr"]
[Black "Kuczynski, Robert"]
[Result "1/2-1/2"]
[WhiteElo "2613"]
[BlackElo "2509"]
[EventDate "2001.06.01"]
[PlyCount "117"]

1.e4 c5 2.Nf3 d6 3.d4 cxd4 4.Nxd4 Nf6 5.Nc3 a6 6.Bg5 e6 7.f4 Nbd7 8.Qf3 
Qc7 9.O-O-O b5 10.Bd3 Bb7 11.Rhe1 O-O-O 12.f5 e5 13.Nb3 Be7 14.Bxf6 Nxf6 
15.Nd5 Nxd5 16.exd5 Kb8 17.Kb1 Rc8 18.c3 Bf6 19.a3 Qb6 20.Bf1 Ka7 21.Re4 
a5 22.Qd3 Ba6 23.a4 Rb8 24.Qe3 Qxe3 25.Rxe3 Kb6 26.axb5 Bxb5 27.Bxb5 Kxb5 
28.Re4 Rhc8 29.Kc2 Bd8 30.Nd2 Bg5 31.Nf3 Bf6 32.Ra1 g6 33.Rea4 Ra8 34.fxg6
hxg6 35.Nd2 Bd8 36.c4+ Kb6 37.b4 Kb7 38.bxa5 Ka6 39.g4 f5 40.gxf5 gxf5 41.
Rf1 Bg5 42.Rxf5 Bxd2 43.Kxd2 Rh8 44.Rf2 Rh4 45.Kc1 Rc8 46.Rc2 Rc5 47.Kb2 
Rxa5 48.Kb3 Rf4 49.Rxa5+ Kxa5 50.Ra2+ Kb6 51.Kb4 Rf1 52.Ra8 Rb1+ 53.Kc3 
Rc1+ 54.Kd3 Rd1+ 55.Kc2 Rh1 56.Rc8 Rxh2+ 57.Kc3 Ka5 58.c5 Rh3+ 59.Kc4 
1/2-1/2

[Event "2nd EUR-ch"]
[Site "Ohrid MKD"]
[Date "2001.06.01"]
[Round "1"]
[White "San Segundo Carrillo, Pablo"]
[Black "Alexandrov, Alexei"]
[Result "1/2-1/2"]
[WhiteElo "2508"]
[BlackElo "2610"]
[EventDate "2001.06.01"]
[PlyCount "57"]

1.d4 Nf6 2.Nf3 e6 3.c4 d5 4.g3 dxc4 5.Bg2 Nc6 6.Qa4 Bb4+ 7.Bd2 Nd5 8.Bxb4 
Nxb4 9.a3 b5 10.Qxb5 Nc2+ 11.Kd2 Nxa1 12.Qxc6+ Bd7 13.Qxc4 c5 14.Qa2 Qa5+ 
15.Nc3 cxd4 16.Nxd4 Rd8 17.Rxa1 e5 18.b4 Qb6 19.Nc2 Be6+ 20.Bd5 Qxf2 21.
Ne3 O-O 22.Qc4 Rd7 23.Qe4 Rfd8 24.Qf3 Qxf3 25.exf3 f5 26.Ke2 Bxd5 27.Ncxd5
Rxd5 28.Nxd5 Rxd5 29.Rc1 1/2-1/2

[Event "2nd EUR-ch"]
[Site "Ohrid MKD"]
[Date "2001.06.01"]
[Round "1"]
[White "Khenkin, Igor"]
[Black "Kantsler, Boris"]
[Result "1/2-1/2"]
[WhiteElo "2609"]
[BlackElo "2507"]
[EventDate "2001.06.01"]
[PlyCount "51"]

1.d4 d6 2.e4 Nf6 3.Nc3 g6 4.g3 Bg7 5.Bg2 O-O 6.h3 e5 7.Nge2 Nc6 8.Be3 Bd7 
9.O-O b5 10.Nxb5 Rb8 11.Nxa7 Nxd4 12.Bxd4 exd4 13.Nxd4 Rxb2 14.a4 Qe8 15.
Nab5 Nxe4 16.Re1 d5 17.Nxc7 Qe5 18.Nxd5 Nxf2 19.Rxe5 Nxd1 20.Nf3 Bxe5 21.
Nxe5 Bxa4 22.Rxa4 Rxc2 23.Ra7 Rd2 24.g4 Nf2 25.g5 Nxh3+ 26.Bxh3 1/2-1/2

[Event "2nd EUR-ch"]
[Site "Ohrid MKD"]
[Date "2001.06.01"]
[Round "1"]
[White "Sutovsky, Emil"]
[Black "Jacimovic, Dragoljub"]
[Result "1-0"]
[WhiteElo "2604"]
[BlackElo "2504"]
[EventDate "2001.06.01"]
[PlyCount "35"]

1.e4 e6 2.d4 d5 3.Nc3 Bb4 4.e5 c5 5.a3 Ba5 6.Qg4 Ne7 7.dxc5 Bxc3+ 8.bxc3 
Qc7 9.Qxg7 Rg8 10.Qxh7 Qxc5 11.Ne2 Nbc6 12.a4 Bd7 13.Ba3 Qc4 14.f4 Qxa4 
15.Qd3 Nf5 16.g3 d4 17.Bg2 Rd8 18.Bb2 1-0

[Event "2nd EUR-ch"]
[Site "Ohrid MKD"]
[Date "2001.06.01"]
[Round "1"]
[White "Czebe, Attila"]
[Black "Avrukh, Boris"]
[Result "0-1"]
[WhiteElo "2502"]
[BlackElo "2600"]
[EventDate "2001.06.01"]
[PlyCount "78"]

1.Nf3 Nf6 2.g3 g6 3.Bg2 Bg7 4.O-O O-O 5.d3 c5 6.c4 d5 7.cxd5 Nxd5 8.Qc2 b6
9.Nc3 Bb7 10.Bd2 Nd7 11.Qb3 e6 12.Ne1 Ne5 13.Nc2 Qd7 14.Rfd1 Rfd8 15.Bg5 
Nxc3 16.bxc3 c4 17.dxc4 Qxd1+ 18.Rxd1 Rxd1+ 19.Bf1 Rd7 20.Ne3 h6 21.Bf4 
Nc6 22.g4 Na5 23.Qa4 Bc6 24.Qc2 Rad8 25.Qc1 Nb7 26.Nc2 Rd1 27.Qa3 Na5 28.
c5 e5 29.Be3 Rb1 30.cxb6 Rdd1 31.f3 axb6 32.Bxb6 Rxf1+ 33.Kg2 e4 34.Bf2 
exf3+ 35.exf3 Nc4 36.Qe7 Ne5 37.Nd4 Bb7 38.Kg3 Nd3 39.Nc6 Rg1+ 0-1

[Event "2nd EUR-ch"]
[Site "Ohrid MKD"]
[Date "2001.06.01"]
[Round "1"]
[White "Volokytin, Andriy"]
[Black "Kozul, Zdenko"]
[Result "1-0"]
[WhiteElo "2493"]
[BlackElo "2595"]
[EventDate "2001.06.01"]
[PlyCount "87"]

1.e4 c5 2.Nf3 d6 3.d4 cxd4 4.Nxd4 Nf6 5.Nc3 Nc6 6.Be2 e5 7.Nf3 h6 8.O-O 
Be7 9.Re1 O-O 10.h3 Be6 11.Bf1 Nb8 12.b3 a6 13.Bb2 Nbd7 14.a4 Rc8 15.a5 
Rc6 16.Nd5 Bxd5 17.exd5 Rc5 18.b4 Rxd5 19.Nd2 e4 20.c4 Rf5 21.Nxe4 Nxe4 
22.Qg4 g6 23.Qxe4 Bh4 24.Bd4 Ne5 25.Qxb7 Qf6 26.g3 Nf3+ 27.Qxf3 Rxf3 28.
Bxf6 Bxf6 29.Ra2 Rb3 30.b5 Bd4 31.Kg2 Bc5 32.Be2 Re8 33.Rd1 Re5 34.b6 Kf8 
35.Bf3 Bb4 36.Bd5 Bc5 37.Bb7 Bb4 38.Rd5 Re1 39.Bxa6 Rbb1 40.Rd3 Bc5 41.Bb5
Ke7 42.a6 Ra1 43.Rxa1 Rxa1 44.b7 1-0

[Event "2nd EUR-ch"]
[Site "Ohrid MKD"]
[Date "2001.06.01"]
[Round "1"]
[White "Golod, Vitali"]
[Black "Ekstrom, Roland"]
[Result "1/2-1/2"]
[WhiteElo "2593"]
[BlackElo "2492"]
[EventDate "2001.06.01"]
[PlyCount "66"]

1.d4 Nf6 2.c4 e6 3.Nf3 d5 4.Nc3 dxc4 5.Qa4+ c6 6.Qxc4 b5 7.Qd3 Bb7 8.e4 b4
9.Na4 Qa5 10.b3 Ba6 11.Qc2 Bxf1 12.Kxf1 Qb5+ 13.Kg1 Be7 14.g3 Nbd7 15.Bg5 
O-O 16.Rc1 Rfc8 17.Kg2 h6 18.Bxf6 Bxf6 19.Qc4 Qb7 20.Rhd1 Be7 21.Ne5 Nxe5 
22.dxe5 c5 23.Rd3 Rd8 24.Rcd1 Rxd3 25.Rxd3 g5 26.Nb2 Qc7 27.f4 Rd8 28.
Rxd8+ Qxd8 29.Qd3 Qa5 30.Qb1 Qd8 31.Qd3 Qa5 32.Na4 Qc7 33.Nb2 Qa5 1/2-1/2

[Event "2nd EUR-ch"]
[Site "Ohrid MKD"]
[Date "2001.06.01"]
[Round "1"]
[White "Arbakov, Valentin"]
[Black "Georgiev, Vladimir"]
[Result "0-1"]
[WhiteElo "2491"]
[BlackElo "2592"]
[EventDate "2001.06.01"]
[PlyCount "104"]

1.Nf3 d6 2.d4 Nf6 3.c4 g6 4.Nc3 Bf5 5.Nh4 Bd7 6.e4 Bg7 7.Nf3 O-O 8.Be2 a6 
9.O-O c5 10.dxc5 dxc5 11.Be3 b6 12.h3 Nc6 13.e5 Ne8 14.Bf4 Nc7 15.Bg3 Ne6 
16.Bd3 Ned4 17.Re1 Ra7 18.Be4 Be6 19.Nxd4 Nxd4 20.Nd5 Rd7 21.Qa4 Bxd5 22.
cxd5 f5 23.exf6 exf6 24.d6 f5 25.Bd5+ Kh8 26.Bf4 b5 27.Qxa6 g5 28.Bh2 f4 
29.Be4 Rxd6 30.Qa7 Re8 31.Kh1 Rde6 32.f3 Qc8 33.Rac1 c4 34.Qf7 h6 35.Red1 
R8e7 36.Qh5 Qf8 37.Rd2 Nf5 38.Rd5 Nd6 39.Rxg5 Nxe4 40.fxe4 Rxe4 41.Rf5 
Re1+ 42.Rxe1 Rxe1+ 43.Bg1 Qd6 44.Qh4 Qd1 45.Qf2 Bd4 46.Qxf4 Rxg1+ 47.Kh2 
Rh1+ 48.Kg3 Qd3+ 49.Kh4 Bg7 50.Qb8+ Kh7 51.Qxb5 Qe4+ 52.Kg3 Rg1 0-1

[Event "2nd EUR-ch"]
[Site "Ohrid MKD"]
[Date "2001.06.01"]
[Round "1"]
[White "Izoria, Zviad"]
[Black "Fedorov, Alexei"]
[Result "1/2-1/2"]
[WhiteElo "2489"]
[BlackElo "2590"]
[EventDate "2001.06.01"]
[PlyCount "198"]

1.d4 Nf6 2.Nf3 g6 3.c4 Bg7 4.g3 O-O 5.Bg2 d6 6.Nc3 Nc6 7.O-O a6 8.e3 Rb8 
9.Qe2 Re8 10.Rd1 b5 11.b3 bxc4 12.Qxc4 Nb4 13.Qe2 a5 14.Ne1 c5 15.dxc5 Nd7
16.Bb2 Nxc5 17.Nd5 Bxb2 18.Qxb2 Bb7 19.e4 e5 20.Nxb4 axb4 21.Qd2 Nxe4 22.
Qxb4 Nxf2 23.Rxd6 Qc7 24.Qb6 Qc3 25.Qxf2 Bxg2 26.Rad1 Ba8 27.Rd7 Rf8 28.
Ng2 Rbc8 29.Qe3 Qc6 30.Qf2 Kg7 31.R7d6 Qb7 32.Qf6+ Kg8 33.R6d2 Rc5 34.Qf2 
Qc6 35.Rd6 Rc1 36.Rd2 Rxd1+ 37.Rxd1 Rc8 38.Rd2 h5 39.h4 Qe4 40.Kh2 Kg7 41.
Re2 Qd5 42.Rd2 Qc6 43.Re2 Qc3 44.Qe1 Qd4 45.Rxe5 Rc2 46.Re2 Qb2 47.Nf4 
Qxa2 48.Qc3+ Rxc3 49.Rxa2 Bb7 50.Rb2 Rc1 51.Ng2 Kf6 52.Rf2+ Ke7 53.Re2+ 
Kd6 54.Ne1 Bd5 55.Re3 Rb1 56.Kg1 Bxb3 57.Kf2 Be6 58.Nd3 Ke7 59.Nf4 Kf6 60.
Rc3 Rb2+ 61.Kf3 Bg4+ 62.Ke3 Ra2 63.Rc6+ Kg7 64.Rc3 Kf6 65.Rc6+ Be6 66.Rc5 
Ra3+ 67.Kf2 Ke7 68.Rc7+ Bd7 69.Rc5 Kd6 70.Rd5+ Ke7 71.Re5+ Kf6 72.Re3 Ra6 
73.Nd5+ Kg7 74.Rc3 Ra2+ 75.Ke3 Ra5 76.Nf4 Kf6 77.Rd3 Be6 78.Rc3 Kf5 79.Kf3
Ba2 80.Rd3 Bb1 81.Re3 Ra4 82.Nd3 f6 83.Nf2 Ba2 84.Rd3 Bc4 85.Rc3 Bd5+ 86.
Ke3 g5 87.hxg5 fxg5 88.Rc5 Ke6 89.Rc3 Ra1 90.Nh3 Re1+ 91.Kf2 Re5 92.Re3 
Rxe3 93.Kxe3 Kf5 94.Nf2 h4 95.gxh4 gxh4 96.Ke2 Kf4 97.Kf1 Kg3 98.Kg1 Bc6 
99.Nh1+ Bxh1 1/2-1/2

[Event "2nd EUR-ch"]
[Site "Ohrid MKD"]
[Date "2001.06.01"]
[Round "1"]
[White "Jaracz, Pawel"]
[Black "Degraeve, Jean-Marc"]
[Result "1-0"]
[WhiteElo "2484"]
[BlackElo "2589"]
[EventDate "2001.06.01"]
[PlyCount "135"]

1.e4 e5 2.Nf3 Nc6 3.Bb5 Nf6 4.Qe2 d6 5.c3 Bd7 6.d4 Qe7 7.d5 Nb8 8.Bxd7+ 
Nbxd7 9.c4 g6 10.Nc3 Bg7 11.O-O Nh5 12.g3 O-O 13.Bd2 a5 14.b3 Nc5 15.Rae1 
Qd7 16.Be3 b6 17.Nd2 Na6 18.Nb5 Rae8 19.a3 Nf6 20.f3 Nh5 21.Kg2 f5 22.Rb1 
Qd8 23.Rh1 Rf7 24.b4 Ref8 25.Rb3 Bf6 26.exf5 gxf5 27.f4 exf4 28.gxf4 Qe8 
29.Rf1 axb4 30.axb4 Re7 31.Rf3 Qg6+ 32.Kf1 Rfe8 33.Qf2 Kf7 34.Na7 Rg8 35.
Nc6 Ree8 36.Rh3 Bh8 37.Nf3 h6 38.Ra3 Nb8 39.Nxb8 Rxb8 40.Ra7 Ra8 41.Rxc7+ 
Kf8 42.Ne1 Bc3 43.Qh4 Rg7 44.Rxg7 Nxg7 45.Qxh6 Qxh6 46.Rxh6 Ra1 47.Bf2 
Bxb4 48.Ke2 Rc1 49.Nd3 Rc2+ 50.Kf3 Rc3 51.Ke2 Rc2+ 52.Kf1 Ba3 53.Bxb6 Rxc4
54.Rh8+ Kf7 55.Ra8 Bc1 56.Ra7+ Kg6 57.Rc7 Rxc7 58.Bxc7 Ne8 59.Bxd6 Nxd6 
60.Nxc1 Kh5 61.Kg2 Nc4 62.Kg3 Nd6 63.Ne2 Ne4+ 64.Kf3 Kh4 65.Kg2 Nd6 66.h3 
Ne4 67.Kh2 Nd6 68.Ng3 1-0

[Event "2nd EUR-ch"]
[Site "Ohrid MKD"]
[Date "2001.06.01"]
[Round "1"]
[White "Moreno Carnero, Javier"]
[Black "Galkin, Alexander"]
[Result "1/2-1/2"]
[WhiteElo "2480"]
[BlackElo "2584"]
[EventDate "2001.06.01"]
[PlyCount "44"]

1.e4 c6 2.d4 d5 3.Nc3 dxe4 4.Nxe4 Nd7 5.Ng5 Ngf6 6.Bd3 e6 7.N1f3 Bd6 8.Qe2
h6 9.Ne4 Nxe4 10.Qxe4 Qc7 11.O-O b6 12.Qg4 g5 13.Qh3 Rg8 14.Nd2 Bb7 15.a4 
c5 16.dxc5 Nxc5 17.Bb5+ Ke7 18.Nc4 Bf4 19.a5 Rad8 20.axb6 axb6 21.Be3 Bd5 
22.Rfe1 Rg6 1/2-1/2

[Event "2nd EUR-ch"]
[Site "Ohrid MKD"]
[Date "2001.06.01"]
[Round "1"]
[White "Kempinski, Robert"]
[Black "Minasian, Ara"]
[Result "0-1"]
[WhiteElo "2582"]
[BlackElo "2478"]
[EventDate "2001.06.01"]
[PlyCount "100"]

1.d4 d5 2.c4 c6 3.Nc3 Nf6 4.e3 g6 5.Nf3 Bg7 6.b4 O-O 7.Be2 Bg4 8.Bb2 dxc4 
9.Bxc4 Nbd7 10.Be2 Nd5 11.Qb3 Nxc3 12.Bxc3 e5 13.Nxe5 Nxe5 14.dxe5 Bxe2 
15.Kxe2 Qg5 16.h4 Qg4+ 17.Kf1 Rad8 18.f3 Qf5 19.Qb2 Rfe8 20.f4 Rd3 21.Kf2 
Red8 22.Rae1 Bxe5 23.Bxe5 Rd2+ 24.Re2 Rxb2 25.Bxb2 h5 26.Rc1 Qg4 27.g3 Rd5
28.Rc4 Qh3 29.Rd4 Qh2+ 30.Kf3 Qh1+ 31.Kf2 f5 32.a3 Rxd4 33.Bxd4 b6 34.a4 
Qh2+ 35.Kf3 Qg1 36.a5 Qf1+ 37.Rf2 Qh1+ 38.Rg2 bxa5 39.bxa5 a6 40.Kf2 Qb1 
41.Rg1 Qa2+ 42.Kf3 Qxa5 43.Rb1 Qd5+ 44.Kf2 c5 45.Be5 Kf7 46.Rb6 Qd2+ 47.
Kf3 Qe1 48.Kg2 Qe2+ 49.Kh3 Qf1+ 50.Kh2 Qf2+ 0-1

[Event "2nd EUR-ch"]
[Site "Ohrid MKD"]
[Date "2001.06.01"]
[Round "1"]
[White "Podgaets, Mikhail"]
[Black "Nijboer, Friso"]
[Result "1/2-1/2"]
[WhiteElo "2477"]
[BlackElo "2580"]
[EventDate "2001.06.01"]
[PlyCount "68"]

1.d4 Nf6 2.c4 g6 3.g3 Bg7 4.Bg2 O-O 5.Nc3 d6 6.Nf3 Nc6 7.O-O Rb8 8.h3 a6 
9.e4 b5 10.cxb5 axb5 11.Be3 Na5 12.Nd2 b4 13.Ne2 Nd7 14.Rc1 c5 15.b3 Ba6 
16.Nf3 c4 17.Re1 Nf6 18.Nh2 e5 19.Ng4 Nxg4 20.hxg4 cxb3 21.axb3 Bxe2 22.
Rxe2 exd4 23.Bf4 g5 24.Bd2 Qd7 25.Bxg5 Qxg4 26.Bf4 Rfc8 27.Ra2 Qxd1+ 28.
Rxd1 Nxb3 29.Bxd6 Nc1 30.Rb2 Rb6 31.e5 d3 32.Rxb4 Rxb4 33.Bxb4 Bxe5 34.Ba3
Ne2+ 1/2-1/2

[Event "2nd EUR-ch"]
[Site "Ohrid MKD"]
[Date "2001.06.01"]
[Round "1"]
[White "Roder, Matthias"]
[Black "Aseev, Konstantin"]
[Result "0-1"]
[WhiteElo "2459"]
[BlackElo "2577"]
[EventDate "2001.06.01"]
[PlyCount "68"]

1.d4 Nf6 2.c4 e6 3.Nf3 b6 4.Nc3 Bb4 5.Bg5 Bb7 6.e3 Bxc3+ 7.bxc3 d6 8.Nd2 
Qe7 9.Bh4 Nbd7 10.Be2 O-O 11.O-O Rfe8 12.e4 e5 13.f4 exf4 14.Rxf4 h6 15.
Bxf6 Nxf6 16.Bd3 g5 17.Rf2 Nxe4 18.Bxe4 Bxe4 19.Qh5 Bg6 20.Qxh6 Qe3 21.Nf3
g4 22.Ng5 Qxc3 23.Raf1 Qxd4 24.Nxf7 Bxf7 25.Qg5+ Kh7 26.Qh4+ Kg7 27.Kh1 
Bg6 28.Rf4 Re4 29.Rf6 Qe5 30.Qf2 Re8 31.Rxg6+ Kxg6 32.Qf7+ Kg5 33.h4+ gxh3
34.g4 Rxg4 0-1

[Event "2nd EUR-ch"]
[Site "Ohrid MKD"]
[Date "2001.06.01"]
[Round "1"]
[White "Zuger, Beat"]
[Black "Gyimesi, Zoltan"]
[Result "0-1"]
[WhiteElo "2448"]
[BlackElo "2571"]
[EventDate "2001.06.01"]
[PlyCount "60"]

1.c4 e5 2.g3 c6 3.d4 Bb4+ 4.Bd2 Bxd2+ 5.Qxd2 d6 6.Nc3 Nf6 7.dxe5 dxe5 8.
Qxd8+ Kxd8 9.Nf3 Re8 10.Bg2 Kc7 11.O-O Bg4 12.Nd2 a5 13.h3 Bh5 14.c5 Na6 
15.g4 Bg6 16.Na4 h5 17.g5 Nh7 18.h4 Rad8 19.Nb3 Bc2 20.e3 Nf8 21.Rfc1 Nb4 
22.Kh2 Ng6 23.Kg3 f5 24.gxf6 gxf6 25.Nc3 Rg8 26.Bh1 Nf4+ 27.Kh2 Rg4 28.
exf4 Rdg8 29.Kh3 Bf5 30.Be4 Rg3+ 0-1

[Event "2nd EUR-ch"]
[Site "Ohrid MKD"]
[Date "2001.06.01"]
[Round "1"]
[White "Greenfeld, Alon"]
[Black "Hillarp Persson, Tiger"]
[Result "1/2-1/2"]
[WhiteElo "2570"]
[BlackElo "2443"]
[EventDate "2001.06.01"]
[PlyCount "54"]

1.d4 d5 2.c4 dxc4 3.e3 e5 4.Bxc4 Nc6 5.d5 Na5 6.Qa4+ c6 7.dxc6 Nxc6 8.Nf3 
Bb4+ 9.Nbd2 Qe7 10.a3 Bd6 11.Ne4 Nf6 12.Nxd6+ Qxd6 13.b4 O-O 14.b5 e4 15.
bxc6 exf3 16.gxf3 bxc6 17.Bb2 Be6 18.Rd1 Qe7 19.Rg1 Rfd8 20.Bd3 Ne8 21.Qe4
g6 22.f4 Rd5 23.Qb4 Qxb4+ 24.axb4 Rb8 25.Bc3 a5 26.bxa5 Rb3 27.Bd4 Rxa5 
1/2-1/2

[Event "2nd EUR-ch"]
[Site "Ohrid MKD"]
[Date "2001.06.01"]
[Round "1"]
[White "Stefansson, Hannes Hlifar"]
[Black "Abbasov, Farid"]
[Result "1-0"]
[WhiteElo "2570"]
[BlackElo "2439"]
[EventDate "2001.06.01"]
[PlyCount "75"]

1.c4 e5 2.g3 Nf6 3.Bg2 d5 4.cxd5 Nxd5 5.Nf3 Nc6 6.O-O Be7 7.Nc3 Nb6 8.a3 
O-O 9.b4 Re8 10.d3 a5 11.b5 Nd4 12.Nd2 a4 13.e3 Ne6 14.Nf3 f6 15.d4 exd4 
16.Nxd4 Nxd4 17.exd4 f5 18.Bf4 Bf6 19.Rc1 g5 20.Be5 Bxe5 21.dxe5 Qxd1 22.
Rfxd1 Rxe5 23.Nd5 Be6 24.Nxc7 Rc8 25.Bxb7 Rb8 26.Nxe6 Rxb7 27.Rd8+ Kf7 28.
Nxg5+ Kg7 29.Rc6 Nd7 30.Ne6+ Kf7 31.Nc7 Re1+ 32.Kg2 Ne5 33.Rc5 f4 34.gxf4 
Ng6 35.f5 Ne7 36.Rh8 Kg7 37.Ra8 Kf6 38.Ne8+ 1-0

[Event "2nd EUR-ch"]
[Site "Ohrid MKD"]
[Date "2001.06.01"]
[Round "1"]
[White "Dancevski, Orce"]
[Black "Sokolov, Andrei"]
[Result "1/2-1/2"]
[WhiteElo "2428"]
[BlackElo "2568"]
[EventDate "2001.06.01"]
[PlyCount "108"]

1.d4 Nf6 2.Nf3 e6 3.c4 Bb4+ 4.Nbd2 d5 5.e3 O-O 6.Bd3 c5 7.O-O cxd4 8.exd4 
Nc6 9.a3 Bxd2 10.Qxd2 dxc4 11.Bxc4 b6 12.Qf4 Bb7 13.Be3 Ne7 14.Bd3 Rc8 15.
Rad1 Ng6 16.Qg3 Be4 17.Bg5 Bxd3 18.Rxd3 h6 19.Bxf6 Qxf6 20.Ne5 Nf4 21.Re3 
Qg5 22.Qf3 Nd5 23.Re4 Rc1 24.Nd3 Rxf1+ 25.Kxf1 Rc8 26.g3 Nf6 27.Rf4 Qd5 
28.Qxd5 Nxd5 29.Re4 g5 30.Ne5 Kg7 31.h3 f6 32.Nf3 Kf7 33.Ke1 Ke7 34.Kd2 a5
35.Re1 Kd6 36.Kd3 h5 37.Nd2 Kd7 38.Ne4 Rh8 39.Nc3 Nxc3 40.bxc3 b5 41.Rb1 
Kc6 42.c4 Rb8 43.Ke4 b4 44.axb4 Rxb4 45.Ra1 a4 46.Kd3 Rb3+ 47.Kc2 Rf3 48.
Rxa4 Rxf2+ 49.Kc3 Rf3+ 50.Kb4 Rxg3 51.Ra6+ Kd7 52.Ra7+ Kd6 53.Ra6+ Kd7 54.
Ra7+ Kc6 1/2-1/2

[Event "2nd EUR-ch"]
[Site "Ohrid MKD"]
[Date "2001.06.01"]
[Round "1"]
[White "Hulak, Krunoslav"]
[Black "Likavsky, Tomas"]
[Result "1-0"]
[WhiteElo "2564"]
[BlackElo "2425"]
[EventDate "2001.06.01"]
[PlyCount "125"]

1.d4 Nf6 2.c4 g6 3.g3 c6 4.Bg2 d5 5.cxd5 cxd5 6.Nf3 Bg7 7.O-O O-O 8.Nc3 e6
9.Bg5 h6 10.Bxf6 Qxf6 11.Rc1 Nc6 12.e3 Bd7 13.a3 Qe7 14.b4 Rfc8 15.Qb3 Be8
16.Rc2 Qd8 17.Rfc1 Ne7 18.Ne5 Rc7 19.Bf1 Rac8 20.a4 Nf5 21.a5 a6 22.Ne2 
Bb5 23.Nf4 Bxf1 24.Kxf1 Bxe5 25.dxe5 Rxc2 26.Rxc2 Rxc2 27.Qxc2 b6 28.b5 
axb5 29.g4 Ne7 30.a6 Qc8 31.Qxc8+ Nxc8 32.h4 Kf8 33.h5 gxh5 34.Nxh5 Na7 
35.Nf6 Nc6 36.Ke1 b4 37.Kd2 b5 38.Kc1 Ke7 39.Ng8+ Kd7 40.Nxh6 Kc7 41.Nxf7 
d4 42.exd4 Nxd4 43.Nd8 Kb6 44.g5 Ne2+ 45.Kd2 Nf4 46.a7 Kxa7 47.Nc6+ Kb6 
48.Nxb4 Ng6 49.Nd3 b4 50.Nxb4 Nxe5 51.Ke3 Kc7 52.Nd3 Nd7 53.Kf4 Kd6 54.g6 
Ke7 55.Ne5 Nf6 56.Kg5 Ne8 57.Ng4 Kf8 58.Nf6 Ng7 59.Nh5 Ne8 60.Kh6 Kg8 61.
f3 Kh8 62.g7+ Kg8 63.Kg6 1-0

[Event "2nd EUR-ch"]
[Site "Ohrid MKD"]
[Date "2001.06.01"]
[Round "1"]
[White "Petrov, Marijan"]
[Black "Conquest, Stuart"]
[Result "1/2-1/2"]
[WhiteElo "2425"]
[BlackElo "2563"]
[EventDate "2001.06.01"]
[PlyCount "114"]

1.e4 g6 2.d4 Bg7 3.c3 Nf6 4.e5 Nd5 5.Bc4 Nb6 6.Bb3 d6 7.Nf3 O-O 8.O-O Nc6 
9.Qe2 dxe5 10.dxe5 Bg4 11.e6 f5 12.Rd1 Qc8 13.Bf4 Na5 14.Bc2 Nac4 15.Bb3 
Na5 16.Bc2 c5 17.Na3 Qc6 18.h3 Bh5 19.Rac1 Nd5 20.Bh2 Bh6 21.Rb1 Rad8 22.
Rd3 b5 23.Qe1 c4 24.Rd4 Bxf3 25.gxf3 Bg7 26.Be5 a6 27.Bxg7 Kxg7 28.Rbd1 
Nb7 29.Qe5+ Nf6 30.Rd7 Rxd7 31.Rxd7 Re8 32.Kg2 Nd6 33.b3 Qd5 34.Qe3 f4 35.
Qxf4 Nxd7 36.exd7 Rd8 37.bxc4 bxc4 38.Ba4 Qc5 39.Nc2 Nb5 40.Nd4 Nxd4 41.
cxd4 Qd6 42.Qe3 Kf7 43.Qc3 Qd5 44.Qb2 e6 45.Qb6 Ke7 46.Qb4+ Kf6 47.Qb6 Ke7
48.Qb4+ Kf6 49.Qb6 Rxd7 50.Bxd7 Qxd7 51.Qc5 Qd5 52.Qf8+ Kg5 53.Kg3 Qxd4 
54.f4+ Kh5 55.Qe7 Qc3+ 56.Kg2 Kh6 57.Qg5+ Kg7 1/2-1/2

[Event "2nd EUR-ch"]
[Site "Ohrid MKD"]
[Date "2001.06.01"]
[Round "1"]
[White "Nevednichy, Vladislav"]
[Black "Mitkov, Marjan"]
[Result "1-0"]
[WhiteElo "2563"]
[BlackElo "2424"]
[EventDate "2001.06.01"]
[PlyCount "73"]

1.e4 e5 2.Nf3 Nc6 3.Bc4 Nf6 4.d3 Be7 5.O-O d6 6.Bb3 O-O 7.c3 h6 8.Nbd2 Nh7
9.Nc4 Ng5 10.Nxg5 Bxg5 11.f4 exf4 12.Bxf4 Bxf4 13.Rxf4 Qg5 14.Qf3 b5 15.h4
Qg6 16.Ne3 Ne5 17.Qe2 Qg3 18.Raf1 Be6 19.d4 Ng6 20.R4f3 Qxh4 21.Nf5 Qd8 
22.Qxb5 Rb8 23.Qe2 Bxb3 24.axb3 Rxb3 25.Rg3 d5 26.exd5 Rb6 27.c4 Kh7 28.
Qd3 Rf6 29.b4 Re8 30.Rgf3 Kh8 31.Nxg7 Rxf3 32.Qxf3 Rg8 33.Nf5 Qg5 34.d6 
cxd6 35.Nxd6 Qh4 36.Qf6+ Qxf6 37.Rxf6 1-0

[Event "2nd EUR-ch"]
[Site "Ohrid MKD"]
[Date "2001.06.01"]
[Round "1"]
[White "Mchedlishvili, Mikheil"]
[Black "Istratescu, Andrei"]
[Result "1/2-1/2"]
[WhiteElo "2416"]
[BlackElo "2561"]
[EventDate "2001.06.01"]
[PlyCount "83"]

1.d4 Nf6 2.c4 e6 3.Nc3 Bb4 4.e3 b6 5.Ne2 Ba6 6.Ng3 c5 7.d5 O-O 8.e4 Re8 9.
f3 d6 10.Be2 exd5 11.cxd5 Bxc3+ 12.bxc3 Bxe2 13.Nxe2 Nbd7 14.O-O b5 15.Ng3
Qb6 16.Bg5 h6 17.Bf4 Ne5 18.Nf5 h5 19.Qd2 g6 20.Bxe5 dxe5 21.Ng3 c4+ 22.
Kh1 Nd7 23.Qg5 Qd8 24.Qe3 a5 25.f4 exf4 26.Qxf4 Ne5 27.a3 Ra7 28.Ne2 Nd3 
29.Qf3 Rae7 30.Nf4 Nxf4 31.Qxf4 Qd7 32.Rae1 Re5 33.h3 R8e7 34.Qf6 Rxe4 35.
Rxe4 Rxe4 36.Rd1 Qe7 37.Qxe7 Rxe7 38.d6 Rd7 39.Rd5 Kg7 40.Kh2 Kf6 41.Rxb5 
Rxd6 42.Rc5 1/2-1/2

[Event "2nd EUR-ch"]
[Site "Ohrid MKD"]
[Date "2001.06.01"]
[Round "1"]
[White "Kiroski, Toni"]
[Black "Romanyshyn, Oleh"]
[Result "0-1"]
[WhiteElo "2403"]
[BlackElo "2559"]
[EventDate "2001.06.01"]
[PlyCount "54"]

1.e4 e5 2.Nf3 Nc6 3.Bb5 a6 4.Bxc6 dxc6 5.Nc3 Qd6 6.d4 exd4 7.Nxd4 Qg6 8.
O-O Bd7 9.f4 O-O-O 10.Qf3 f5 11.e5 c5 12.Nde2 Bc6 13.Qg3 Nh6 14.h3 Qh5 15.
Qf2 Be7 16.Ng3 Qg6 17.Nge2 Bh4 18.g3 Be7 19.Re1 Qh5 20.Qf1 Rhg8 21.Nd1 g5 
22.fxg5 Bxg5 23.Nf4 Bxf4 24.Bxf4 Nf7 25.Ne3 Ng5 26.Bxg5 Rxg5 27.Qf4 Rd4 
0-1